000 00558nam a22002177a 4500
999 _c13576
_d13576
003 PK-NaQUE
005 20260428102204.0
008 260428b ||||| |||| 00| 0 eng d
020 _a007007240X
020 _a978-0070072404
040 _cQUEST
082 _a524.18BRA
100 _aBranson, Dan E.
245 _aDeformation of Concrete Structures
260 _alondon
_bMcGraw-Hill
_c1977
300 _a379
650 _aReinforced concrete construction
650 _aDeformations (Mechanics)
856 _yDownload eBook
942 _cBK
_2ddc